Vendet e botës sipas pjesës së flamujve - 1 - Statistics

General Stats
  • This quiz has been taken 23 times
  • The average score is 8 of 16
Answer Stats
Picture Answer % Correct
Kanada
94%
Belgjikë
59%
Greqi
59%
Serbi
59%
Turqi
59%
Izrael
53%
Katar
53%
Shtetet e Bashkuara të Amerikës
47%
Suedi
41%
Afrika e Jugut
35%
Kuba
35%
Maltë
35%
Ugandë
35%
Uruguai
35%
Papua Guinea e Re
29%
Venezuelë
29%
No matching quizzes found
Score Distribution
Percent of People with Each Score
Percentile by Number Answered
Your Score History
You have not taken this quiz